| 000 | 01000nam a2200241 a 4500 | ||
|---|---|---|---|
| 999 |
_c9224 _d9224 |
||
| 001 | 9224 | ||
| 003 | BD-JhCC | ||
| 005 | 20180523113143.0 | ||
| 008 | 171011s1954 bg |||| ||a| 000 0 ben d | ||
| 035 | _a(BD-JhCC)9224 | ||
| 040 |
_aBD-JhCC _dBD-JhCC |
||
| 041 | _aben | ||
| 082 |
_a342.732 _bGAB 1952 |
||
| 100 | _aগ্যাব্রিয়েল, র্যালফ এইচ. | ||
| 245 |
_aদি ফেডারেলিসট পেপার্স : _bহ্যামিল্টন, ম্যাডিসন ও জন জে / _cর্যালফ এইচ. গ্যাব্রিয়েল; রেখা বন্দোপাধ্যায় (অনু) |
||
| 260 |
_aকলকাতা: _bশ্রীভূমি পাবলিশিং কোম্পানী, _c1952. |
||
| 300 |
_a186 p. : _c22 cm. |
||
| 650 | _aUnited States | ||
| 650 | _aConstitution | ||
| 700 | _aবন্দোপাধ্যায়, রেখা | ||
| 942 |
_2ddc _cBK |
||